000 00735nam a22001817a 4500
003 CEME
005 20210628204159.0
008 210113b xxu||||| |||| 00| 0 eng d
020 _a8121935261
040 _cceme
082 _a621 SIN
100 _aSingh, Sadhu. Dr
_969156
245 _aPrinciples of mechanical engineering
260 _aNEW DELHI
_bS. CHAND
_c2010
300 _aXVIII, 651P
650 _aINTRODUCTION. THERMODYNAMICS-CONCEPTS.PROPERTIES OF STEAM.STEAM BOILERS.REFRIGERATION.AIR CONDITIONING.INTERNAL COMBUSTION ENGINES.HYDRAULIC TURBINES.STEAM TURBINES.CONDENSERS.GAS TURBINES.POWER TRANSMISSION METHODS AND DEVICES.STRESSES AND STRAINS-PRINCIPLES.MANUFACTURING SYSTEMS-INTRODUCTION.
_969157
942 _cBK
_2ddc
999 _c576544
_d576544